| 000 | 00457nam a2200181 a 4500 | ||
|---|---|---|---|
| 001 | 7817 | ||
| 005 | 20180713191722.0 | ||
| 008 | 140415s1991 000 0 spa d | ||
| 041 | _aspa | ||
| 082 |
_a346 _bOVA |
||
| 100 | 1 | _aOvalle Favela, José,. | |
| 245 | 1 | 0 | _aDERECHO PROCESAL CIVIL |
| 250 | _a4a ed. | ||
| 260 |
_a[s.l.] : _bHARLA, _c1991 |
||
| 300 | _a459 | ||
| 490 | _aTEXTOS JURIDICOS UNIVERSITARIOS | ||
| 650 | 1 | 4 | _aDERECHO CIVIL |
| 999 |
_c7817 _d7817 |
||